| 000 | 01271cam a22003737a 4500 | ||
|---|---|---|---|
| 003 | CHAP | ||
| 005 | 20220329134342.0 | ||
| 008 | 971013s1976 r 00010 d | ||
| 010 | _a19192 | ||
| 011 | _a20164 | ||
| 035 | _a24252 | ||
| 040 | _cCHAP | ||
| 090 | _aFolleto 6664 | ||
| 100 | 0 | 0 |
_aAmara, Giuseppe. _95098 |
| 245 | 1 | 3 | _aLa violencia en la historia |
| 260 |
_aMéxico, D.F., : _bAsociación Nacional de Universidades e Institutos de Enseñanza Superior, _c1976 |
||
| 300 | _a134 p | ||
| 490 | 0 | _aTemas básicos. Historia | |
| 500 | _ac.4 bodega | ||
| 590 |
_aBATCH-UPD _b10 _c20130110 _lUCH01 _h0149 |
||
| 590 |
_aBATCH-UPD _b10 _c20130110 _lUCH01 _h1755 |
||
| 590 |
_aBATCH-UPD _b10 _c20130409 _lUCH01 _h2148 |
||
| 590 |
_aBATCH-UPD _b10 _c20130914 _lUCH01 _h2043 |
||
| 590 |
_aCONVERSION _b10 _c20130109 _lUCH01 _h1312 |
||
| 650 | 1 | 4 |
_aHistoria _955600 |
| 650 | 1 | 4 |
_aViolencia. _9119891 |
| 830 | 0 |
_aTemas básicos. Historia _9112133 |
|
| 901 | _aBK | ||
| 942 | _cFOLL | ||
| 949 |
_aFolleto 6664 _bBC _cFOLL _d-55974 _eTS1 _i24252 _si _t40.00 |
||
| 949 |
_aFolleto 6664 _bBC _cFOLL _d-55975 _eTS2 _fc.2 _i24252 _si _t40.00 |
||
| 949 |
_aFolleto 6664 _bBC _cFOLL _d-55976 _eTS2 _fc.3 _i24252 _si _t40.00 |
||
| 949 |
_aFolleto 6664 _bBC _cFOLL _d-55977 _eTS2 _fc.4 _i24252 _si _t40.00 |
||
| 999 |
_c19192 _d19192 |
||